Variácie Tretej cesty radikálne nová alebo mierne modifikovaná sociálnodemokratická ideológia?

Bibliographic Details
Main Author: Školkay, Andrej, 1965- (Author)
Format: Article
Language:Slovak
ISSN:1335-468X
Subjects:

MARC

LEADER 00000nab a2200000 a 4500
001 vtls000770128
003 SK-MaSNL
005 20260302153837.0
008 180205c2001 xo 0 slo
015 |a SNBRB2001/10-29071 
035 |a CLN000121915 
040 |a SNKBUCL  |b slo  |c SNKBUCL  |e AACR2 
041 0 |a slo 
044 |a xo  |c SK 
080 |a 321.02  |2 UDC-MRF-SK2 
080 |a 329.14  |2 UDC-MRF-SK2 
080 |a 321.7  |2 UDC-MRF-SK2 
100 1 |a Školkay, Andrej,  |d 1965-  |4 aut  |9 109040 
245 1 0 |a Variácie Tretej cesty  |b radikálne nová alebo mierne modifikovaná sociálnodemokratická ideológia?  |c Andrej Školkay 
650 0 7 |a tretia cesta (politológia)  |x variácie  |2 snkbucl  |9 849574 
655 7 |a články z novín a časopisov  |2 snkbucl  |9 267496 
773 0 |x 1335-468X  |t Slovo. Politicko-spoločenský týždenník  |g Roč. 3, č. 38 (2001), s. 16-17 
850 |a Slovenská národná knižnica v Martine 
852 |a SNK  |b KIS3GCP 
958 |a RBX 
999 |c 1366639  |d 1368569